Costa Rica en el año 2000: una crisis política retardada /

Define el panorama de la Costa Rica del año 2000 como el de una crisis política que apenas empieza. La eventual crisis según los autores, devendría por situaciones de ingobernabilidad que habrían venido aumentando en los últimos años, especialmente en la última década del siglo XX, por la creciente...

Ful tanımlama

Kaydedildi:
Detaylı Bibliyografya
Yazar: Pérez Brignoli, Héctor
Diğer Yazarlar: Baires Martínez, Yolanda, colab
Materyal Türü: Metin
Dil:Spanish
Baskı/Yayın Bilgisi: San José, Costa Rica : Editorial de la Universidad de Costa Rica 2001
Edisyon:0
Konular:
Etiketler: Etiketle
Etiket eklenmemiş, İlk siz ekleyin!

MARC

LEADER 00000 a a2200000 04500
001 18239
003 cru CIDCACS/IIS
005 20190108163506.0
008 190108b2001 cr ||||| |||| 00| 0 spa d
999 |c 13824  |d 13824 
020 |a 9977676631 
040 |c cru CIDCACS/IIS 
090 |a 04.04.02 R875d 
100 |a Pérez Brignoli, Héctor  
245 |a Costa Rica en el año 2000:   |b una crisis política retardada /  |c Héctor Pérez Brignoli y Yolanda Baires martínez 
250 |a 0  
260 |a San José, Costa Rica :   |b Editorial de la Universidad de Costa Rica  |c 2001 
300 |a páginas 143-172 
520 |a Define el panorama de la Costa Rica del año 2000 como el de una crisis política que apenas empieza. La eventual crisis según los autores, devendría por situaciones de ingobernabilidad que habrían venido aumentando en los últimos años, especialmente en la última década del siglo XX, por la creciente incapacidad de enfrentar las demandas y expectativas ciudadanas, en aumento por las ofertas de los partidos mayoritarios en su competencia electoral e insinúa la carencia de liderazgos carismáticos. REFV/LCL. 
650 0 |9 306  |a ELECCIONES 
650 0 |9 4908  |a GOBERNABILIDAD 
650 4 |9 4380  |a MODELOS ECONOMICOS 
650 0 |9 3915  |a PLANES NACIONALES  
650 0 |9 8144  |a INSTITUTO COSTARRICENSE DE ELECTRICIDAD 
700 |a Baires Martínez, Yolanda  
700 |a colab  
942 |2 ddc  |c LI 
773 0 |0 14589  |9 2580  |a Rovira Mas, Jorge   |d San José: Editorial de la Universidad de Costa Rica   |o 12632  |t La Democracia de Costa Rica ante el siglo XXI /  |w (cru CIDCACS/IIS)29836  |z 9977676631